[Event "EU-ch 4th"]
[Site "Istanbul"]
[Date "2003.06.10"]
[Round "10"]
[White "Aronian, Levon"]
[Black "Filippov, Valerij"]
[Result "1-0"]
[WhiteElo "2606"]
[BlackElo "2627"]
[Annotator "Ribli,Z"]
[PlyCount "91"]
[EventDate "2003.05.30"]
[EventType "swiss"]
[EventRounds "13"]
[EventCountry "TUR"]
[SourceTitle "CBM 096"]
[Source "ChessBase"]
[SourceDate "2003.09.25"]
[SourceVersion "1"]
[SourceVersionDate "2003.09.25"]
[SourceQuality "1"]

1. c4 {Ftacnik} e6 2. Nf3 d5 3. g3 Nf6 4. Bg2 d4 {Dieser Bauernzug (der zu
einem scharfen Kampf mit beiderseitigen Chancen führt) wird selten gespielt.
Die gewöhnlichen Züge sind 4...dxc4 und 4...Be7.} 5. O-O c5 6. e3 Nc6 7. exd4
cxd4 8. d3 {Wir haben nun eigentlich eine Stellung, die typisch für die
Benoni-Verteidigung ist. Schwarz hat die Bauernmehrheit im Zentrum und am
Königsflügel, während Weiß die Mehrheit und Initiative am Damenflügel hat.} Bd6
9. Re1 O-O {Dieser Zug scheint mir ein wenig schablonenhaft - Weiß kann nun
Bg5 spielen und den f6-Springer tauschen und der schwarze dunkelfarbige Läufer
bekommt keine Aktivität. Nach meiner Meinung wäre es vorsichtiger, mit dem
prophylaktischen 9...h6!? fortzusetzen und so die Möglichkeit Bg5 zu
verhindern.} (9... h6 $5 10. Na3 O-O (10... a5 11. Nc2 Qb6 12. Rb1 O-O 13. a3
a4 14. Bd2 Rd8 15. h3 Nd7 16. Re2 e5 17. Bb4 Bxb4 18. axb4 Nxb4 19. Nxe5 Nc5 {
1/2-1/2 Hartoch,R-Kritz,L/Dieren 2002/CBM 89 ext (61)}) 11. Nc2 Re8 12. Rb1 e5
13. b4 a6 14. a4 Bf5 (14... Bg4 15. h3 Bh5 16. c5 Nd5 17. Bd2 Bb8 18. b5 axb5
19. axb5 Na5 20. Ra1 Nc3 21. Bxc3 dxc3 22. Ra3 Qd7 {0-1 Kostin,M-Shur,M/Moscow
1997/EXT 2000 (35)}) 15. c5 Nd5 16. Nfxd4 Nxd4 17. Bxd5 Bxc5 18. Nxd4 Bxd4 19.
Qf3 Re7 20. Bxb7 Bxd3 21. Bxa8 Bxb1 22. Bxh6 e4 23. Qg4 Bd3 {0-1 Rotstein,
A-Serper,G/Wisla 1992/TD (58)}) 10. a3 a5 11. Bg5 $5 {[%mdl 4] Ftacnik: 'The
world junior champion U20 Aronian rarely combines strategic talent with an
excellent tactical abilities, we shall hear much more about him in the future.
' Das ist eine gute strategische Idee von Weiß. Er tauscht seinen
dunkelfarbigen Läufer gegen den Springer und seine Springer - mit der
Unterstützung des g2-Läufers - bekommen große Aktivität.} h6 (11... e5 12. Nbd2
$14) 12. Bxf6 Qxf6 13. Nbd2 {[%cal Gd2e4,Ge4d6,Ge4f6]} Qd8 (13... Be7 {Ftacnik}
14. Qa4 Qf5 (14... Ra6 15. Qb5 $36) 15. b4 Qxd3 16. b5 Nb8 17. Ne4 Nd7 18. Nfd2
Nc5 19. Nxc5 Qxd2 20. Nxb7 $14) (13... Qe7 {Ftacnik} 14. Nb3) 14. Rc1 {[%cal
Gc4c5] Weiß bereitet den Plan 15.c5, 16.Nc4 vor und Schwarz hat keine gute
Abwehr.} Re8 (14... b6 $4 15. Nxd4 Nxd4 16. Bxa8 $18) (14... Qb6 15. Ne4 $14)
15. c5 $14 Bc7 (15... Bf8 {Ftacnik} 16. Qa4 Rb8 17. Ne5 (17. b4 axb4 18. axb4
b5 19. cxb6 Nxb4 20. Ne5 f6 21. Qa7 Bb7 22. Bxb7 fxe5 23. Be4 Qxb6 $11) 17...
Nxe5 18. Rxe5 f6 19. Ree1 e5 20. Nb3 $14) 16. Nc4 {[%csl Gc4,Gc5]} Bd7 17. Nfd2
{[%csl Gc4,Gd2,Gg2]} Rb8 18. Nd6 {Ftacnik: 'The jump of the second knight into
the center of the action 19.Ne4 might have promised more chances.' Weiß
verliert keine Zeit und spielt diesen Springerzug sofort. Die Alternative
kommt auch stark in Betracht.} (18. Ne4 $5 $14 b5 {Ftacnik} 19. cxb6 Bxb6 20.
b3 $14) 18... Bxd6 (18... Rf8 19. N2c4 $36) 19. cxd6 Na7 (19... e5 $5 $132) 20.
Qh5 {[%csl Gh5][%cal Gh5a5][%mdl 2048] Die weiße Dame kommt ins Spiel auf der
fünften Reihe. Weiß hat aktives Figurenspiel.} Bc6 21. Bxc6 bxc6 (21... Nxc6
22. Ne4 $14 (22. Qc5 {Ftacnik} a4 23. Ne4 Ra8 24. Qb5 Ra7 25. Rc4 Qa8 26. Nc5
Rd8 27. d7 $14)) 22. Qc5 Qb6 {'?' Ftacnik. Ftacnik: 'Filippov incorrectly
guessed his chances in the inferior ending, he probably underestimated 25.a4!'}
(22... Rxb2 23. Nc4 (23. Qxa7 Rxd2 24. Qxd4 Qd7 $11) 23... Rb7 24. Qxa5 (24.
Nxa5 Rb5 25. Qxa7 Rxa5 26. Qxd4 Rd5 $11) (24. Qxd4 {Ftacnik} a4 25. Qc5 $14)
24... Qxa5 25. Nxa5 Rd7 26. Nxc6 Nxc6 27. Rxc6 Red8 28. Ra1 Rxd6 29. Rxd6 Rxd6
30. a4 $14) 23. Qxb6 Rxb6 24. Nc4 {[%csl Gc4]} Ra6 25. a4 $1 $16 {[%csl Ra5]
Mit diesem Zug legt Weiß den Bauern auf a5 fest, der jetzt eine ewige
Schwächung in der schwarzen Stellung ist.} Rd8 26. Re5 {[%csl Gc1,Gc4,Ge5]
[%cal Re5a5] Alle weißen Figuren stehen sehr aktiv, während Schwarz große
Probleme mit der Figurenkoordination hat.} Kf8 (26... Nc8 27. Rxa5 Rxa5 28.
Nxa5 $18) 27. Nxa5 (27. Rxa5 Rxa5 28. Nxa5 Rxd6 29. Nb7 Rd7 30. Nc5 $16 {
[%csl Ga4,Gb2]}) 27... Rxd6 (27... Rb8 $142 $5 28. Rc4 Ke8 $14) 28. Nb7 Rd5 (
28... Rd7 $4 29. Nc5 $18 {[%cal Rc5a6,Rc5d7]}) 29. Rxd5 cxd5 (29... exd5 30.
Nc5 Ra5 (30... Rb6 31. Nd7+ $18) 31. b4 $18) 30. Nc5 Rd6 (30... Rc6 31. b4 $16)
31. b4 {[%csl Ga4,Gb4] Ftacnik: 'White has obviously got maximum out of the
position, the endgame is won.'  Mit zwei verbundenen Freibauern und aktivem
c5-Springer muss Weiß gewinnen.} Ke7 32. b5 e5 33. Nb7 Rd7 (33... Rb6 34. Rc7+
Kf6 35. Nd8 Nxb5 36. axb5 Rxb5 37. Rxf7+ $18) 34. Na5 e4 35. b6 $18 {[%csl Ra7]
} Kd6 36. Kf1 (36. bxa7 Rxa7 37. Rc6+ Kd7 38. Rc5 Kd6 39. Rb5 $18) (36. dxe4
dxe4 37. Rc4 Ke5 38. Rxd4 $1 $18) 36... g5 (36... exd3 37. Ke1 $18) 37. dxe4
dxe4 38. Rc4 Ke5 39. Rxd4 $3 {Ftacnik: 'Simple, ingenious and very impressive
small combination.'  Das ist der schönste Weg zum Sieg. Weiß opfert den Turm,
aber schlussendlich gewinnt er die Figur.} Kxd4 (39... Rxd4 40. bxa7 Rd8 41.
Nc6+ $18) 40. bxa7 Rxa7 41. Nc6+ {[%cal Rc6a7,Rc6d4]} Kc5 42. Nxa7 f5 43. Nb5
f4 44. Nc3 Kd4 45. Nxe4 (45. a5 $18) 45... Kxe4 46. gxf4 1-0

[Event "Olympiad-34"]
[Site "Istanbul"]
[Date "2000.11.02"]
[Round "6.4"]
[White "Ionescu, Constantin"]
[Black "Soppe, Guillermo"]
[Result "1-0"]
[WhiteElo "2492"]
[BlackElo "2471"]
[Annotator "Ribli,Z"]
[PlyCount "81"]
[EventDate "2000.10.28"]
[EventType "team-swiss"]
[EventRounds "14"]
[EventCountry "TUR"]
[SourceTitle "EXT 2001"]
[Source "ChessBase"]
[SourceDate "2000.11.22"]
[SourceVersion "1"]
[SourceVersionDate "2000.11.22"]
[SourceQuality "1"]
[WhiteTeam "Romania"]
[BlackTeam "Argentina"]
[WhiteTeamCountry "ROU"]
[BlackTeamCountry "ARG"]

1. Nf3 d5 2. c4 e6 3. g3 c6 {Die Slawische Verteidigung ist so populär in der
modernen Turnierpraxis, dass man dieses System gerne auch durch eine andere
Zugfolge erreicht.} 4. b3 (4. Qc2) 4... Nf6 5. Bg2 a5 {Das ist eine relativ
neue Idee. Schwarz möchte in der Folge a5-a4 ziehen, um eine Klärung am
Damenflügel herbeizuführen.} 6. O-O (6. Bb2 a4 7. Na3 Be7 8. O-O O-O 9. d3 Na6
10. Nc2 Bd7 11. Ne5 Qc7 12. e3 axb3 13. axb3 Nc5 14. Rxa8 Rxa8 15. b4 Na4 16.
Ba1 {1-0 Van der Sterren,P-Piket,J/Rotterdam 2000/CBM 77_02 (38)}) 6... a4 7.
Ba3 {Das ist eine gute strategische Idee: Weiß will den schwarzfeldrigen
Läufer abtauschen, weil aufgrund der Bauernkette c6-d5-e6 der Bc8 passiv ist
und zudem die Schwächung der schwarzen Felder spürbar wird.} (7. Na3 Be7 8. Bb2
O-O) (7. bxa4 dxc4 8. Qc2 Qa5 9. Qxc4 Qxa4 10. Qd3 Nbd7 11. Nc3 Qa5 12. Bb2 Be7
$11) 7... Bxa3 8. Nxa3 Qe7 9. Qc1 O-O 10. d4 (10. Qb2 Nbd7 11. b4 e5 12. Nh4
Rd8 13. d3 Nf8 14. Nc2 Ng6 15. Nxg6 hxg6 16. Rad1 Bf5 17. cxd5 cxd5 18. Ne3 {
1/2-1/2 Barcza,G-Bronstein,D/Budapest 1955/MCD (65)}) 10... Nbd7 11. Qb2 {
Weiß hat etwas Raumvorteil, und der Bc8 hat Entwicklungsprobleme.} Re8 (11...
Ne4 12. b4 Nd6 13. Rac1 Nxc4 14. Nxc4 dxc4 15. Rxc4 a3 16. Qb3 e5 17. e4 Nb6
18. Rc5 exd4 19. Nxd4 {1-0 Phildius,B-Schneider,R/Germany 1997/EXT 99 (26)}) (
11... b6) 12. e3 b6 {Schwarz möchte endlich seinen Läufer entwickeln.} 13. Rfc1
(13. b4 $5 $14) 13... Bb7 (13... axb3 $5 {Dieser Tausch wäre bei symmetrischer
Bauernstellung logisch. Weiß besäße hier dank seines leichten Übergewichts im
Zentrum vielleicht einen mikroskopischen Vorteil.} 14. axb3 Bb7 $11) 14. b4 $14
{Nun hat Weiß schon spürbar Raumvorteil am Damenflügel, und der zuvor aktive
schwarze Pa4 droht schwach zu werden.} Rab8 (14... e5 15. dxe5 Nxe5 16. Nxe5
Qxe5 17. Qxe5 Rxe5 18. cxd5 Nxd5 (18... cxd5 19. Rc7 $16) 19. Bxd5 Rxd5 20. Nc4
{[%csl Rb6]} Ra6 21. Rd1 $14) 15. cxd5 exd5 (15... Nxd5 $5 16. b5 c5 17. Nc4
Rbc8) (15... cxd5 16. Nb5 $14) 16. Nb1 {[%cal Gb1c3] Der Springer war auf a3
überflüssig geworden - jetzt zielt er das Feld c3 an.} (16. b5 c5 $13) 16... b5
17. Nc3 Nb6 {[%cal Gb6c4]} 18. Nd2 (18. Ne5 Nfd7 19. Nxd7 Nc4 $132 (19... Qxd7)
) 18... Rbd8 $6 (18... Ng4 {Nach diesem Zug muss Weiß mit 19...Nxf2 oder 19...
Nxe3 rechnen.} 19. Re1 f5) 19. e4 $5 {[%mdl 4] Weiß möchte gerne seine
theoretische Bauernmehrheit am Königsflügel ausnutzen.} dxe4 20. Ncxe4 Nxe4 21.
Nxe4 {[%csl Yc5][%cal Ge4c5]} (21. Bxe4 $2 Nc4 $17) 21... Nc4 22. Qc3 {Der Nc4
steht wirklich schön, aber in der Folge kann Weiß den Springer z.B. mit Bf1
stören, während der weiße Springer auf c5 einen "ewigen" Vorposten bekommt.} h6
23. Nc5 {[%csl Gc5][%mdl 2048] Der Springer steht ausgezeichnet auf c5, nun
droht 24.Nxa4 mit Bauerngewinn.} a3 24. Re1 {Weiß kann zufriden sein - er hat
seine strategischen Ziele erreicht: der Bg2 ist viel aktiver als der Bb7, der
Nc5 steht sehr gut und die Schwächung des Pd4 ist ohne Bedeutung.} Qc7 25.
Rxe8+ Rxe8 26. Re1 {Weiß spielt schnörkellos und gut - mit Hilfe von
Vereinfachungen strebt Weiß ein aufgrund der passiven Stellung des Bb7
vorteilhaftes Endspiel an.} Rd8 (26... Rxe1+ 27. Qxe1 $14) 27. Qf3 {Droht
eventuell 28.Nxb7 nebst 29.Qxc6 mit Bauerngewinn.} Rc8 (27... Rxd4 $2 28. Re8+
Kh7 29. Qf5+ g6 30. Qf6 $18) 28. h4 $6 {Das ist für gewöhnlich ein nützlicher
Sicherungs- und Raumgewinnzug, hier jedoch wäre die Alternative besser.} (28.
Bf1 $5 Nd2 29. Qxa3 Nxf1 30. Kxf1 $16) 28... Rd8 {Schwarz hat keine aktiven
Möglichkeiten, er möchte seine Stellung mit Wartezügen halten.} 29. h5 {
Es scheint, dass Weiss kann nichts konkretes mit 29.Nxb7 erreichen.} (29. Nxb7
Qxb7 30. Qxc6 Qxc6 31. Bxc6 Rxd4 32. Bxb5 Nd6 $11) 29... Bc8 {Dieser Zug ist
auch keine Lösung, doch guter Rat war hier schon teuer.} (29... Rc8 30. Qf5 {
[%cal Gg2e4,Ge4h7]}) 30. Qxc6 Qxc6 31. Bxc6 $16 Bf5 32. d5 $6 (32. Bxb5 $1 Nb2
(32... Rxd4 33. Nb3 Rg4 34. f3 Rxg3+ 35. Kf2 $18) 33. Bc6 (33. Re8+ $6 Rxe8 34.
Bxe8 Bb1 $132) 33... Rxd4 34. b5 $18) 32... Nd6 33. f3 {Weiß verhindert das
mögliche Bg4.} (33. Re3 Bg4 (33... Nc4 34. Rc3 $16) 34. Rxa3 Bxh5 35. Ra7 $16)
33... g5 34. hxg6 Bxg6 35. Kf2 (35. Re3) 35... Nf5 {[%cal Gf5d4,Gd4c6]} 36. Re4
(36. Bxb5 Rxd5) 36... Nd6 37. Re3 Nc4 38. Rc3 $18 {Nun verliert Schwarz
weiteres Material. Seine Stellung ist hoffnungslos.} Nb6 39. Nb7 (39. Rxa3 Nxd5
40. Nb7 $18) 39... Ra8 40. Na5 (40. d6 $18) 40... Rd8 41. Rxa3 (41. Rxa3 Nxd5
42. Nb7 $18) 1-0

[Event "Kecskemet"]
[Site "Kecskemet"]
[Date "1990.??.??"]
[Round "12"]
[White "Stangl, Markus"]
[Black "Barczay, Laszlo"]
[Result "1-0"]
[WhiteElo "2405"]
[BlackElo "2335"]
[Annotator "Ribli,Z"]
[PlyCount "51"]
[EventDate "1990.06.??"]
[EventType "tourn"]
[EventRounds "13"]
[EventCountry "HUN"]
[EventCategory "8"]
[SourceTitle "CBM 020"]
[Source "ChessBase"]
[SourceDate "1991.02.01"]
[SourceVersion "1"]
[SourceVersionDate "1991.02.01"]
[SourceQuality "1"]

1. Nf3 Nf6 2. c4 e6 3. g3 d5 4. Bg2 dxc4 5. Qa4+ Nbd7 6. Qxc4 c5 7. Qb3 Rb8 8.
Nc3 (8. a4 b6 9. O-O Bb7 10. Na3 Be7 11. d3 {Kortschnoj,V-Renet,O
Clermont-Ferrand 1989}) 8... a6 9. d3 Bd6 10. a4 b6 11. O-O O-O (11... Bb7 12.
Rd1 O-O 13. Ng5 Bxg2 14. Kxg2 Qc7 $10 {Panno-Cifuentes Mar del Plata 1987 43/15
}) 12. Ng5 b5 $2 (12... Bc7) 13. Nxe6 $1 fxe6 14. Qxe6+ Kh8 15. Qxd6 Rb6 16.
Qf4 b4 17. Nd1 Re6 18. Qd2 Ne5 19. Ne3 Qe8 20. b3 Qh5 21. Bb2 Bd7 22. h3 Re7
23. f4 Nc6 24. g4 Qh4 25. Rf3 h5 26. g5 1-0

[Event "Rakvere Keres Memorial"]
[Site "Rakvere"]
[Date "1993.??.??"]
[Round "8"]
[White "Hodgson, Julian M"]
[Black "Rozentalis, Eduardas"]
[Result "1-0"]
[WhiteElo "2625"]
[BlackElo "2600"]
[Annotator "Ribli,Z"]
[PlyCount "67"]
[EventDate "1993.09.??"]
[EventType "tourn"]
[EventRounds "10"]
[EventCountry "EST"]
[EventCategory "15"]
[SourceTitle "CBM 038"]
[Source "ChessBase"]
[SourceDate "1994.02.01"]
[SourceVersion "1"]
[SourceVersionDate "1994.02.01"]
[SourceQuality "1"]

1. c4 e6 2. Nc3 Bb4 3. e4 Ne7 (3... c5 4. f4 $14 {Kamsky,G-Zarnicki,P/Buenos
Aires/1993/CBM37/INF47,(6)/}) 4. d4 d5 5. e5 c5 6. a3 Bxc3+ (6... cxd4 $5 7.
axb4 (7. Qxd4 Nbc6 $1 $13) 7... dxc3 8. bxc3 Qc7 9. Nf3 dxc4 10. Qd4 (10. Qd6
Qxd6 11. exd6 Nf5 12. Bf4 $44) 10... b5 $13) 7. bxc3 Nbc6 8. Nf3 O-O 9. Bd3 h6
(9... dxc4 $2 10. Bxh7+ Kxh7 11. Ng5+ Kg6 (11... Kg8 12. Qh5 Re8 13. Qh7+ Kf8
14. Qh8+ Ng8 15. Nh7+ Ke7 16. Bg5+ f6 17. Qxg7#) 12. Qg4 $18) 10. O-O dxc4 11.
Bxc4 cxd4 12. cxd4 b6 13. Qd3 Bb7 14. Ba2 Ng6 (14... Na5 15. Nh4 $1 $36) 15. d5
$5 Nce7 (15... Ncxe5 16. Nxe5 Nxe5 17. Qe2 $44) 16. d6 Bxf3 17. Qxf3 Nxe5 18.
Qg3 Qxd6 (18... N7g6 19. f4 Nd7 20. f5 exf5 21. Qxg6 $18) 19. Bb2 f6 (19...
N7g6 20. Rfe1 f6 21. Rad1 $16) 20. Rad1 Nd5 (20... Qc5 21. Bd4 Qa5 22. Bc3 $44
Qxa3 $2 23. Bxe6+ Kh8 24. Bxe5 $18) 21. Rfe1 Rae8 (21... Kh8 22. f4 Nc6 23. f5
$44) 22. f4 Nc6 23. f5 $1 Qc5+ 24. Qf2 Qxf2+ 25. Kxf2 Ne5 26. fxe6 Ne7 27. Rd7
$1 Kh8 28. Kg1 N7c6 29. Bxe5 fxe5 (29... Nxe5 30. Rxa7 Ra8 31. e7 $1 Rfb8 32.
Rxa8 Rxa8 33. Rxe5 fxe5 34. Bf7 $18) 30. Rd6 Nd8 $2 (30... Nd4 31. Rxe5 $18)
31. Rxd8 Rxd8 32. e7 Rfe8 33. exd8=Q Rxd8 34. Rxe5 (34. Rxe5 Rd1+ 35. Kf2 Rd2+
36. Re2 $18) 1-0

[Event "Interpolis"]
[Site "Tilburg"]
[Date "1992.10.08"]
[Round "1.1"]
[White "Hjartarson, Johann"]
[Black "Novikov, Igor A"]
[Result "0-1"]
[WhiteElo "2595"]
[BlackElo "2585"]
[Annotator "Ribli,Z"]
[PlyCount "82"]
[EventDate "1992.10.08"]
[EventType "k.o."]
[EventRounds "7"]
[EventCountry "NED"]
[SourceTitle "CBM 032"]
[Source "ChessBase"]
[SourceDate "1993.02.01"]
[SourceVersion "1"]
[SourceVersionDate "1993.02.01"]
[SourceQuality "1"]

1. c4 e6 2. Nf3 d5 3. b3 Be7 4. Bb2 Bf6 $5 5. Nc3 (5. d4 $6 dxc4 6. bxc4 c5 7.
e4 cxd4 8. e5 Bxe5 9. Nxe5 Qa5+ 10. Nd2 Qxe5+ 11. Be2 Nc6 12. O-O Qc7 13. Ne4
Nge7 $17 {Chernin,A-Novikov,I New York op 1991 CBM/23}) 5... Ne7 (5... c5 $6 6.
cxd5 exd5 7. d4 cxd4 8. Nxd4 Ne7 9. g3 O-O 10. Bg2 Nbc6 11. Nxc6 bxc6 12. O-O
Bg4 13. Qd2 $14 {Spraggett,K-Yusupov,A Quebec cq 1989 CBM/13}) 6. g3 O-O 7. Bg2
c5 8. O-O Nbc6 9. d3 (9. e3 $5 b6 10. Qe2 Bb7 11. Rfd1 $13) 9... b6 10. e3 Bb7
11. Qe2 a6 12. h3 Rb8 13. Nh2 $6 (13. Rad1 $5) 13... Bxc3 $1 14. Bxc3 d4 15.
Bb2 (15. exd4 Nxd4 16. Bxd4 Qxd4 17. Bxb7 Rxb7 18. Nf3 Qd6 $15) 15... dxe3 16.
fxe3 Qd6 17. Qg4 Ng6 18. Rad1 f5 19. Qg5 Nce7 $15 20. Bxb7 Rxb7 21. e4 Rd7 $1
22. h4 h6 23. Qe3 Nc6 24. h5 Nge5 25. Rf4 fxe4 26. Qxe4 Rdf7 27. Kg2 Rf5 $1 28.
Rd2 $2 (28. Rxf5 $5 Rxf5 (28... exf5 29. Qf4 $1 $13) 29. d4 cxd4 30. Bxd4 $13)
28... Rxh5 29. Rxf8+ Qxf8 30. Ng4 Qf5 $1 31. Bxe5 Nxe5 32. Nxe5 Qxe5 33. Rf2
Rg5 34. Qa8+ Kh7 35. Qe4+ Kg8 36. Qa8+ Kh7 37. Qe4+ Rf5 $1 38. Rxf5 Qxf5 39.
Qxf5+ (39. Qe3 $17) 39... exf5 40. d4 cxd4 41. b4 Kg8 0-1

[Event "Interpolis"]
[Site "Tilburg"]
[Date "1992.10.09"]
[Round "1.2"]
[White "Serper, Grigory"]
[Black "Cifuentes Parada, Roberto"]
[Result "1-0"]
[WhiteElo "2575"]
[BlackElo "2490"]
[Annotator "Ribli,Z"]
[PlyCount "141"]
[EventDate "1992.10.08"]
[EventType "k.o."]
[EventRounds "7"]
[EventCountry "NED"]
[SourceTitle "CBM 032"]
[Source "ChessBase"]
[SourceDate "1993.02.01"]
[SourceVersion "1"]
[SourceVersionDate "1993.02.01"]
[SourceQuality "1"]

1. c4 e6 2. g3 d5 3. Bg2 Nf6 4. Nf3 dxc4 5. Qa4+ Nbd7 6. Qxc4 c5 7. d3 $5 Bd6 (
7... a6 $6 8. Qb3 Ra7 $2 9. O-O b6 10. a4 Bb7 11. Na3 Be7 12. Nc4 O-O 13. e4
$14 {Lobron-Inkiov Thessaloniki ol 1988 46/12}) 8. O-O O-O 9. Nc3 $5 (9. a4 $5
Nb6 10. Qc2 Bd7 $2 (10... Nbd5 $5) 11. e4 $1 Bc6 12. Nbd2 e5 13. b3 Re8 14. Bb2
$14 {Dorfmann-Nogueiras Moskva GMA-op 1990 49/9}) (9. Qb3 Nb6 $2 (9... Rb8 $5)
10. Nc3 h6 11. Nd2 Be7 12. a3 Nfd5 13. Nc4 Nxc4 14. Qxc4 Nb6 15. Qb3 a5 16. Be3
a4 17. Qc2 Ra5 18. Ne4 Nd7 19. d4 $14 {Sherbakov,R-Aleksandrov,A URS-ch58 1991
CBM/27}) 9... a6 10. Ng5 (10. Qb3 Rb8 11. Ng5 Bc7 12. Nge4 Nxe4 13. Nxe4 b6 14.
Rd1 $1 $14) 10... Qc7 11. Be3 Ne5 12. Qb3 c4 13. dxc4 Nxc4 14. Bd4 e5 (14...
Nd2 $2 15. Qc2 Nxf1 16. Bxf6 $18) 15. Nd5 $1 Nxd5 16. Bxd5 exd4 (16... Nd2 $2
17. Qd3 $18) 17. Bxc4 Qe7 18. Nf3 Bc5 19. Rfd1 Bg4 (19... Rd8 20. Rac1 $14 {
/\ Lxf7!}) 20. Nxd4 Rac8 21. Rd3 (21. Nf3 Bxf2+ 22. Kxf2 Qc5+ $10) 21... Bxd4
22. Rxd4 Bxe2 23. Bd5 Bb5 24. Rad1 Rc7 25. Re4 (25. a4 $5) 25... Qc5 26. Re5
Bc4 27. Qxc4 Qxc4 28. Bxc4 Rxc4 29. Rd2 $14 b5 30. Rd6 Rc2 31. Rxa6 Rxb2 32.
Re7 b4 33. Rb7 h5 34. Ra4 Rd8 35. Rbxb4 Rdd2 36. Rxb2 Rxb2 37. h4 g6 38. Kg2
Kg7 39. Kf3 Kf6 $6 (39... Rc2 $1 40. Ke3 Rb2 41. f3 Rg2 42. Kf4 Re2 $10) 40.
Rf4+ Ke5 41. Re4+ Kf5 42. Re2 Rb1 (42... Rb4 $5) 43. Rc2 Re1 44. Rb2 f6 45. a4
Ra1 46. Rb5+ Ke6 47. a5 Ra2 48. Ke3 Kd6 49. Rb6+ Ke5 50. a6 Kf5 51. f3 g5 52.
Kd4 g4 (52... gxh4 53. gxh4 Ra4+ 54. Kc5 Rxh4 55. Kb5 $18) 53. f4 $1 Ra5 54.
Kc4 Ke4 55. Kb4 Ra1 56. Rc6 $1 f5 57. Kb5 Rh1 58. Ka5 Kd5 59. Rc2 Ra1+ 60. Kb6
Rb1+ 61. Kc7 Ra1 62. Rc6 Ra3 63. Kb7 Ke4 64. a7 Kf3 65. Ra6 Rxa6 66. Kxa6 Kxg3
67. a8=Q Kxf4 68. Qh8 Kg3 69. Qxh5 Kf4 70. Kb5 g3 71. Qe2 1-0

[Event "Moscow Alekhine op"]
[Site "Moscow"]
[Date "1992.??.??"]
[Round "?"]
[White "Sorokin, Maxim"]
[Black "Sveshnikov, Evgeny"]
[Result "1/2-1/2"]
[WhiteElo "2550"]
[BlackElo "2525"]
[Annotator "Ribli,Z"]
[PlyCount "39"]
[EventDate "1992.10.??"]
[EventType "swiss"]
[EventRounds "9"]
[EventCountry "RUS"]
[SourceTitle "CBM 033"]
[Source "ChessBase"]
[SourceDate "1993.04.01"]
[SourceVersion "1"]
[SourceVersionDate "1993.04.01"]
[SourceQuality "1"]

1. c4 e6 2. g3 d5 3. Bg2 Nf6 4. Nf3 dxc4 5. Qa4+ Nbd7 6. Qxc4 c5 7. d3 a6 8.
Qb3 Bd6 9. a4 Rb8 10. a5 Bc7 11. Bd2 (11. Qa3 Nd5 12. Bg5 f6 13. Bd2 O-O 14.
O-O Kh8 15. Rc1 $14 {Stangl,M-Taimanov,M Wildbad 1990 EXP/20}) 11... O-O 12.
O-O e5 $5 (12... Re8 13. Qa4 e5 14. Nc3 h6 15. Be3 Bd6 16. Nd2 Bf8 17. Nc4 $16
{Makarov,M-Matychenkov,V Smolensk 1991 CBM/24}) 13. Qa4 (13. Rc1 e4 14. Ng5 (
14. Ne1 Re8 $13) 14... exd3 15. Qxd3 h6 16. Ne4 Nxe4 17. Bxe4 Re8 $13) 13... b5
14. axb6 Rxb6 15. Qc2 Bb7 16. Ba5 (16. Na3 e4 17. Ne1 Re8 18. Nc4 Rbe6 $13)
16... Rb5 17. Bxc7 Qxc7 18. Nc3 Rb4 19. Rfc1 (19. Ra2 $5) 19... Rb8 20. Nd1
1/2-1/2